00478cam a2200145 a 450000100100000000500170001000800410002704000250006808200150009324500390010826000830014730000240023050000320025471000460028600000729420200929154125.0831208m1988 ncua d 001 0ceng d aDO-SdBNPbspacBNPHU axxxxbxxxx00aWorld biographical hall of fame /. aRaleigh, North Carolina, U.S.A. :bHistorical Preservations of America,c1988. av. :bil. ;c27 cm. aLa biblioteca posee el v. 22 aHistorical Preservations of America, Inc.